000 00662nam a2200241 i 4500
001 C2-0072296
003 PPAK
005 20190630222210.0
008 970429s1988 my a|||| ||||| | eng d
040 _aPPAK
_beng
_cPPAK
_erda
082 0 4 _a634.09595
_223
090 0 0 _a634.09595
_bCHI
_dR
100 1 _aChin, Hoong Fong,
_eauthor
245 1 0 _aMalaysian trees in colour
264 1 _aKuala Lumpur :
_bTropical Press ,
_c1988
300 _a180 pages :
_bcolour illustrations ;
_c26 cm
336 _2rdacontent
_atext
337 _2rdamedia
_aunmediated
338 _2rdacarrier
_avolume
650 1 0 _aTrees - Malaysia
700 _eauthor
942 _ddc
_cB
999 _c9335
_d9335